Dragon Ball - Vainqueurs des tournois - Statistiques

Statistiques générales
  • Ce quiz a été pris 124 fois
  • Le résultat moyen est 5 sur 17
Statistiques - réponses
Tournoi Animés Vainqueurs % Correct
Cell Game DBZ Sangohan
64%
22e Tenkaichi Budokai DB Ten Shin Han
61%
23e Tenkaichi Budokai DB Sangoku
60%
Tournoi du Pouvoir DBS C-17
55%
21e Tenkaichi Budokai DB Jackie Chun
49%
25e Tenkaichi Budokai (Catégorie Junior) DBZ Trunks
44%
24e Tenkaichi Budokai (Catégorie Senior) DBZ Mister Satan
31%
Tournoi de l'Univers DBS Monaka
27%
25e Tenkaichi Budokai (Catégorie Senior) DBZ Mister Satan
25%
26e Tenkaichi Budokai DBZ Mister Satan
20%
27e Tenkaichi Budokai DBZ Mister Satan
20%
28e Tenkaichi Budokai DBZ Mister Satan
20%
24e Tenkaichi Budokai (Catégorie Junior) DBZ Videl
19%
31e Tenkaichi Budokai (Catégorie Senior) DBGT Mister Satan
16%
20e Tenkaichi Budokai DB Roi Chapa
9%
2 Tenkaichi Budokai (Numéros inconnus) DB Ackman
8%
31e Tenkaichi Budokai (Catégorie Junior) DBGT Magure
4%
Aucun quiz correspondant
Distribution des résultats
% des personnes avec chaque résultat
Percentile par nombre de réponses
Votre historique - résultats
Vous n’avez pas pris ce quiz